| 000 | 00755nam a22003017a 4500 | ||
|---|---|---|---|
| 001 | BR2010005988 | ||
| 003 | BR-BrBNA | ||
| 005 | 20230928103602.0 | ||
| 007 | ta | ||
| 008 | 230509b bl.||||| |||| 00| 0 por d | ||
| 040 |
_aBR-BrBNA _bpor _cBiblioteca Nacional de Agricultura |
||
| 041 | _a(Por) | ||
| 072 |
_aL01 _b0945 |
||
| 090 | _ 0945 BR2010005988 | ||
| 100 | 1 | _aCondessa, L.C. | |
| 245 | 1 | _aSericicultura | |
| 260 | 3 |
_aCuritiba, PR (Brasil): _c1995. |
|
| 300 | _a137 p. | ||
| 500 | _a5 ref.; 23 illus.; 15 tables | ||
| 650 | _aSERICICULTURA | ||
| 650 | _aPRODUÇÃO VEGETAL | ||
| 650 | _aBICHO DA SEDA | ||
| 650 | _aAMORA | ||
| 650 | _aCASULO | ||
| 650 | _aPRAGA DE PLANTA | ||
| 909 |
_a202309 _bLucia _c55 _dLucia Elande |
||
| 942 | _cBK | ||
| 999 |
_c75710 _d75710 |
||